00565nam a2200181 a 4500003000200000005001700002008004100019020001800060050002700078100002000105245002000125260004200145300000900187440002700196942001200223999001900235952012900254a20180420140848.0131010s19uu xx 00 eng d a9789810704742 aTR( PS EbGo534 20_ _? aGrindley, Sally aGoat in a boat. aNew York :bScholastic, Inc,c20_ _?. ap.24 aI love raeding phonics 2lcccBK c106392d106392 00102lcc40aELbELcTRd2013-10-10eDONATIONg145.00l0oTR(PS E Go534 20_ _?pE11660r2014-04-12 00:00:00w2014-04-12yBK